000 00374nam a22001337a 4500
003 OSt
005 20250718114912.0
008 220527b |||||||| |||| 00| 0 eng d
040 _cCO-JMCR
_dCO-JMCR
082 _aC
_bHOMr
100 1 0 _aHomes Clarke, Judith,
_eilustradora
_942087
245 1 0 _aRincones secretos de la casa del árbol /
_cJudith Holmes Clarke
942 _2ddc
_cBK
999 _c29506
_d15890